Calculus for business, economics and the social and life sciences (Record no. 7541)
[ view plain ]
| 000 -LEADER | |
|---|---|
| fixed length control field | 00594 a2200181 4500 |
| 020 ## - INTERNATIONAL STANDARD BOOK NUMBER | |
| International Standard Book Number | 0070293724 |
| 040 ## - CATALOGING SOURCE | |
| Original cataloging agency | DLC |
| Language of cataloging | DLC |
| 082 00 - DEWEY DECIMAL CLASSIFICATION NUMBER | |
| Classification number | 515 |
| 100 1# - MAIN ENTRY--PERSONAL NAME | |
| Personal name | Hoffmann, Laurence D., |
| 245 10 - TITLE STATEMENT | |
| Title | Calculus for business, economics and the social and life sciences |
| Statement of responsibility, etc. | Hoffmann, Laurence |
| 250 ## - EDITION STATEMENT | |
| Edition statement | 8th ed. / |
| Remainder of edition statement | Laurence D. Hoffmann, Gerald L. Bradley. |
| 260 ## - PUBLICATION, DISTRIBUTION, ETC. | |
| Place of publication, distribution, etc. | Boston, Mass. ; |
| -- | New York : |
| Name of publisher, distributor, etc. | McGraw-Hill, |
| Date of publication, distribution, etc. | c1996. |
| 300 ## - PHYSICAL DESCRIPTION | |
| Extent | xviii, 844 p. : |
| Other physical details | ill. (some col.) ; |
| Dimensions | 25 cm. |
| 500 ## - GENERAL NOTE | |
| General note | Includes index. |
| 650 #0 - SUBJECT ADDED ENTRY--TOPICAL TERM | |
| Topical term or geographic name entry element | Calculus. |
| 700 1# - ADDED ENTRY--PERSONAL NAME | |
| Personal name | Bradley, Gerald L., |
| Dates associated with a name | 1940- |
| 942 ## - ADDED ENTRY ELEMENTS (KOHA) | |
| Koha item type | Book |
| Call number prefix | 515 HOF |
| Source of classification or shelving scheme | |
| Withdrawn status | Lost status | Damaged status | Not for loan | Collection code | Permanent Location | Current Location | Shelving location | Date acquired | Source of acquisition | Total Checkouts | Full call number | Barcode | Date last seen | Date last checked out | Price effective from | Koha item type | Total Renewals | Cost, normal purchase price |
|---|---|---|---|---|---|---|---|---|---|---|---|---|---|---|---|---|---|---|
| Central Library (CL) | Central Library (CL) | General Stacks | 11/07/2001 | Donation | 3 | 515 HOF | SEECS001463 | 01/01/2024 | 12/27/2023 | 01/05/2017 | Book | |||||||
| Central Library (CL) | Central Library (CL) | General Stacks | 12/09/2000 | Donation | 1 | 515 HOF | SEECS000716 | 03/12/2021 | 11/20/2020 | 01/05/2017 | Book | 3 | ||||||
| Central Library (CL) | Central Library (CL) | General Stacks | 05/23/2005 | Allied Book Company | 1 | 515 HOF | SEECS005751 | 10/03/2019 | 09/12/2019 | 01/05/2017 | Book | 1907.33 |
